نگا ر شا ت (Record no. 170227)

MARC details
000 -LEADER
fixed length control field 00602nam a22001937a 4500
005 - DATE AND TIME OF LATEST TRANSACTION
control field 20191212122728.0
010 ## - LCCN (DPL NO)
LC control number A-645228
020 ## - INTERNATIONAL STANDARD BOOK NUMBER
Terms of availability 50.00
International Standard Book Number -
035 ## - SYSTEM CONTROL NUMBER
System control number A-645228
037 ## - SOURCE OF ACQUISITION
Source of stock number/acquisition BPPD
082 ## - DEWEY DECIMAL CLASSIFICATION NUMBER
Classification number 270.1
100 ## - MAIN ENTRY--PERSONAL NAME
Personal name عبد اللہ عبا س ند و ی
245 ## - TITLE STATEMENT
Title نگا ر شا ت
Statement of responsibility, etc عبد اللہ عبا س ند و ی
246 ## - VARYING FORM OF TITLE
Title proper/short title Nigarshat (Urdu)
Remainder of title by Abdulah Abbas Nidvi
260 ## - PUBLICATION, DISTRIBUTION, ETC. (IMPRINT)
Place of publication, distribution, etc N.Delhi
Date of publication, distribution, etc 1994 ء
Name of publisher, distributor, etc Majlis Ilmi,
270 ## - ADDRESS
Address B-121,Zakir Bagh,Okhla Road,
City N.Delhi
Telephone number -
Postal code 110025
300 ## - PHYSICAL DESCRIPTION
Extent 320 ص
Dimensions 22 cm(hb)
942 ## - ADDED ENTRY ELEMENTS (KOHA)
Source of classification or shelving scheme Dewey Decimal Classification
Item type Urdu Bks
Classification part 270.1
Call number suffix ع ب د
Holdings
Withdrawn status Lost status Not for loan Collection code Home library Current library Date acquired Source of acquisition Cost, normal purchase price Full call number Barcode Copy number Cost, replacement price Koha item type
      Non-fiction Central Library Central Library 12/12/2019 BPPD/Ven. 50.00 270.1 ع ب د A-645228 1 50.00 Urdu Bks

© Delhi Public Library
Hit Counter
free hit counter